Ottoman Empire Quick Questions - Statistics

General Stats
  • This quiz has been taken 265 times
  • The average score is 3 of 5
Answer Stats
Question Answer % Correct
Who was the first Sultan of the Empire? Osman I
100%
Which was the name of the war the Ottomans fought with Britain against Russia called? Crimean War
96%
Which was the year the Empire fell apart? 1922
64%
When was the Empire first established (roughly) 1453
32%
Which year did the Ottomans lose Egypt to the British Empire? 1914
8%
No matching quizzes found
Score Distribution
Percent of People with Each Score
Percentile by Number Answered
Your Score History
You have not taken this quiz